Dynamická analýza správania s využitím ontológie

Gespeichert in:
Bibliographische Detailangaben
1. Verfasser: Kridlová, Radoslava (Verfasst von)
Weitere Verfasser: Balogh, Štefan (Betreuung Doktorarbeit)
Format: Manuskript Buch
Sprache:Slowakisch
Veröffentlicht: Bratislava : STU v Bratislave FEI, 2023
Schlagworte:
Online-Zugang:https://opac.crzp.sk/?fn=detailBiblioFormChildKIQC1&sid=08878EB2E7E37CD0919770C0752B&seo=CRZP-detail-kniha
Tags: Tag hinzufügen
Keine Tags, Fügen Sie das erste Tag hinzu!

MARC

LEADER 00000ntm a22000003a 4500
001 stuzp92102
003 SK-STU
005 20241113123452.4
007 ta
008 150427s2015----xo-----f-mn---000-0-slo-d
040 |a STU  |b slo 
041 0 |a slo 
044 |a xo 
100 1 |a Kridlová, Radoslava  |u 035000  |4 aut  |U FEI Fakulta elektrotechniky a informatiky  |T FEI Ústav informatiky a matematiky  |X 111325  |U E050  |Y 816  |7 111325 
242 0 1 |a Dynamic behavior analysis using ontology  |y eng 
245 1 0 |a Dynamická analýza správania s využitím ontológie 
260 |a Bratislava :  |b STU v Bratislave FEI,  |c 2023 
300 |a 72 s., príl. 
650 4 |a dynamická analýza  |2 slo 
650 4 |a Cuckoo  |2 slo 
650 4 |a malvér  |2 slo 
650 4 |a ontológia  |2 slo 
650 4 |a Holmes Processing  |2 slo 
650 4 |a malware  |2 eng 
650 4 |a dynamic analysis  |2 eng 
650 4 |a ontology  |2 eng 
650 4 |a Holmes Processing  |2 eng 
650 4 |a Cuckoo  |2 eng 
700 1 |a Balogh, Štefan  |u 035000  |k Z1  |4 ths  |U FEI Fakulta elektrotechniky a informatiky  |T FEI Ústav informatiky a matematiky  |X 30190  |U E050  |Y 816  |7 A000030190 
856 4 |u https://opac.crzp.sk/?fn=detailBiblioFormChildKIQC1&sid=08878EB2E7E37CD0919770C0752B&seo=CRZP-detail-kniha